Evaluación de la influencia de los esfuerzos in situ en la excavación de obras subterráneas (aplicado al túnel del P.H Pirrís para la condición de esfuerzos litostáticos)
Сохранить в:
| Главный автор: | |
|---|---|
| Формат: | |
| Опубликовано: |
San Pedro de Montes de Oca, [C.R.]
2003
|
| Предметы: | |
| Метки: |
Добавить метку
Нет меток, Требуется 1-ая метка записи!
|
MARC
| LEADER | 00000nam a2200000Ia 4500 | ||
|---|---|---|---|
| 003 | 009253 | ||
| 005 | 20221231144144.0 | ||
| 008 | 140114s2003 cr a m 000 ||s d | ||
| 040 | |c cru CEDI | ||
| 090 | |a TFG 4793 | ||
| 100 | |a Monge Sandí, Ana Lorena |9 6796 | ||
| 245 | |a Evaluación de la influencia de los esfuerzos in situ en la excavación de obras subterráneas (aplicado al túnel del P.H Pirrís para la condición de esfuerzos litostáticos) | ||
| 260 | |c 2003 |a San Pedro de Montes de Oca, [C.R.] | ||
| 300 | |a xiii, 193, [147] hojas (2 plegables) : ilustraciones, mapas (algunos a color) | ||
| 500 | |a Tesis (magíster scientiae)--Universidad de Costa Rica, Sistema de Estudios de Posgrado en Ingeniería Civil con énfasis en Geotecnia | ||
| 650 | |x INSTITUTO COSTARRICENSE DE ELECTRICIDAD. PROYECTO HIDROELECTRICO PIRRIS |x CONSTRUCCION DE TUNELES |x ESFUERZO Y TENSION |x ANALISIS NUMERICO |x EXCAVACION DE ROCAS |x CONSTRUCCIONES SUBTERRANEAS |x PROCESAMIENTO DE DATOS |9 6797 | ||
| 942 | |c TFG | ||
| 999 | |c 17690 |d 17690 | ||
